| 000 | 00933cam a22003017a 4500 | ||
|---|---|---|---|
| 003 | CHAP | ||
| 005 | 20220329133607.0 | ||
| 008 | 971013s1981 r 00010 d | ||
| 010 | _a8317 | ||
| 011 | _a9289 | ||
| 035 | _a8524 | ||
| 040 | _cCHAP | ||
| 082 |
_a581.5 _bW33Y |
||
| 100 | 0 | 0 |
_aWalter, Heinrich. _9120972 |
| 245 | 1 | 4 |
_aLos sistemas ecológicos de los continentes _b: principios de su clasificación con ejemplos |
| 260 |
_aBarcelona : _bOmega, _c1981 |
||
| 300 | _a150 p. | ||
| 590 |
_aBATCH-UPD _b10 _c20130110 _lUCH01 _h1803 |
||
| 590 |
_aBATCH-UPD _b10 _c20130410 _lUCH01 _h1139 |
||
| 590 |
_aBATCH-UPD _b10 _c20130914 _lUCH01 _h0645 |
||
| 590 |
_aCONVERSION _b10 _c20130109 _lUCH01 _h1306 |
||
| 650 | 1 | 4 |
_aBiocenosis. _912717 |
| 650 | 1 | 4 |
_aEcología. _935134 |
| 650 | 1 | 4 |
_aEcosistema. _935290 |
| 901 | _aBK | ||
| 942 | _cLIBRO | ||
| 949 |
_a581.5 W33Y _bBC _cLIBRO _d33724000541314 _eLIBRO _gI. 167890 _h83843 _i8524 _si _t161.00 |
||
| 999 |
_c8317 _d8317 |
||